LOTR Chapters: Which Volume? Quiz Stats

 Plays Quiz Updated Jul 11, 2016

Challenge
Share
Tweet
Embed
Score 0/62 Timer 05:00
1 Play Today
Chapter title Book % Correct
At the Sign of the Prancing Pony???
83.7%
Strider???
83.6%
The Council of Elrond???
83.5%
In the House of Tom Bombadil???
82%
A Long-expected Party???
79.9%
A Shortcut to Mushrooms???
79.5%
Mount Doom???
78.6%
Homeward Bound???
78.1%
Helm's Deep???
77.8%
Treebeard???
76.7%
The Siege of Gondor???
74.1%
The Pyre of Denethor???
74%
Lothlórien???
73.8%
The Breaking of the Fellowship???
73%
The Battle of the Pelennor Fields???
72.4%
The Mirror of Galadriel???
72.4%
The Riders of Rohan???
72.3%
The Bridge of Khazad-Dûm???
72.1%
The Grey Havens???
72.1%
Fog on the Barrow-downs???
71.5%
Flight to the Ford???
70.9%
The Steward and the King???
70.3%
The Taming of Sméagol???
69.9%
The Road to Isengard???
69.7%
Farewell to Lórien???
68.5%
A Knife in the Dark???
68.3%
The Scouring of the Shire???
68.3%
Many Meetings???
66.1%
The King of the Golden Hall???
66%
The Great River???
65.4%
The Black Gate Opens???
65.4%
Chapter title Book % Correct
The Passage of the Marshes???
64.2%
The White Rider???
63.1%
The Ring Goes South???
62.2%
The Land of Shadow???
61.7%
The Uruk-hai???
61.4%
Minas Tirith???
60.7%
The Houses of Healing???
60.6%
The Voice of Saruman???
60.3%
The Forbidden Pool???
60.3%
A Journey in the Dark???
60.2%
The Old Forest???
59.3%
Many Partings???
58.9%
Three is Company???
58.1%
The Last Debate???
57.4%
Flotsam and Jetsam???
56.1%
A Conspiracy Unmasked???
55.8%
The Shadow of the Past???
55.8%
The Field of Cormallen???
55.8%
The Palantír???
55.4%
Of Herbs and Stewed Rabbit???
52.3%
The Tower of Cirith Ungol???
48%
The Black Gate is Closed???
47.4%
Shelob's Lair???
47.3%
The Passing of the Grey Company???
45.3%
The Window on the West???
45.2%
The Stairs of Cirith Ungol???
45.2%
The Ride of the Rohirrim???
44%
Journey to the Cross-roads???
38.2%
The Muster of Rohan???
36.9%
The Departure of Boromir???
36.1%
The Choices of Master Samwise???
35.1%

You're not logged in!

Compare scores with friends on all Sporcle quizzes.
OR
Log In

You Might Also Like...

Show Comments

Extras

Top Quizzes Today


Score Distribution

Your Account Isn't Verified!

In order to create a playlist on Sporcle, you need to verify the email address you used during registration. Go to your Sporcle Settings to finish the process.

Report this User

Report this user for behavior that violates our Community Guidelines.

Details: